| 000 | 00000nam##2200000za#4500 |
| 001 | 9.536975 |
| 003 | CaOODSP |
| 005 | 20200326005131 |
| 007 | ta |
| 008 | 150406|2002||||xxc||||| f|0| 0 fre|d |
| 040 | |aCaOODSP|bfre |
| 041 | |aeng |
| 041 | |afre |
| 043 | |an-cn--- |
| 086 | 1 |aYX3-2002/10 |
| 110 | 1 |aCanada.|bStatuts. |
| 245 | 10|aLoi sur les eaux du Nunavut et le Tribunal des droits de surface du Nunavut : |b(Loi concernant les ressources en eau du Nunavut et le Tribunal des droits de surface du Nunavut et modifiant diverses lois en conséquence.) |
| 260 | |aOttawa - Ontario : |bStatuts |cSanctionnée le 30 avril 2002. |
| 300 | |a86p. ; |c28 cm. |
| 490 | 1 |aLois du Parlement du Canada, 2002|vChapitre 10 |
| 563 | |aPolycopié |
| 590 | |a02-33|b2002-08-16 |
| 691 | 07|aEau de surface|2gcpds |
| 691 | 07|aNord canadien|2gcpds |
| 691 | 07|aTribunal|2gcpds |
| 791 | |tNunavut Waters and Nunavut Surface Rights Tribunal Act : |eeng|w(CaOODSP)9.536974 |
| 830 | #0|aLois du Parlement du Canada, 2002 ;|vChapitre 10|w(CaOODSP)9.509743 |